Thái Lan : Truyền thống và hiện đại

Gorde:
Xehetasun bibliografikoak
Egile nagusia: Quế Lai
Formatua: Liburua
Hizkuntza:Undetermined
Argitaratua: Hà Nội Thanh niên 1999
Gaiak:
Etiketak: Etiketa erantsi
Etiketarik gabe, Izan zaitez lehena erregistro honi etiketa jartzen!
Thư viện lưu trữ: Trung tâm Học liệu Trường Đại học Cần Thơ
LEADER 00572nam a2200217Ia 4500
001 CTU_36530
008 210402s9999 xx 000 0 und d
020 |c 29500 
082 |a 959.3 
082 |b Qu250 
100 |a Quế Lai 
245 0 |a Thái Lan : 
245 0 |b Truyền thống và hiện đại 
245 0 |c Quế Lai (Chủ biên) 
260 |a Hà Nội 
260 |b Thanh niên 
260 |c 1999 
650 |a Thailand 
650 |x History 
904 |i Minh, Giang sửa 
980 |a Trung tâm Học liệu Trường Đại học Cần Thơ